000 00897cam a2200217 a 4500
008 970220s1997 nyua b 001 0 eng
020 _a0471180823 (cloth : alk. paper)
040 _aDLC
_cDLC
_dDLC
082 0 0 _a510.9
_221
_bC776h
100 1 _aCooke, Roger,
_d1942-
245 1 4 _aThe history of mathematics :
_ba brief course /
_cRoger Cooke.
260 _aNew York :
_bWiley,
_cc1997.
300 _axvii, 530 p. :
_bill. ;
_c25 cm.
500 _a"A Wiley-Interscience publication."
504 _aIncludes bibliographical references and index.
650 0 _aMathematics
_xHistory.
856 4 2 _3Contributor biographical information
_uhttp://www.loc.gov/catdir/bios/wiley042/97006046.html
856 4 2 _3Publisher description
_uhttp://www.loc.gov/catdir/description/wiley034/97006046.html
856 4 1 _3Table of contents
_uhttp://www.loc.gov/catdir/toc/wiley022/97006046.html
942 _2ddc
_cGEN
999 _c78977
_d78966